|
|
|
|
| LEADER |
00876cam a2200229 7i4500 |
| 001 |
0000056561 |
| 005 |
20201216090000.0 |
| 020 |
|
|
|a 9780132544481 (electronic book)
|
| 090 |
0 |
0 |
|a HF5415.2
|b M55 2012
|
| 100 |
1 |
|
|a Malhotra, Naresh K
|
| 245 |
1 |
0 |
|a Basic marketing research :
|b integration of social media
|c Naresh K. Malhotra.
|
| 250 |
|
|
|a 4th ed.
|
| 300 |
|
|
|a 1 online resource (xxxii, 640 pages):
|b illustrations (color), text file, PDF.
|
| 336 |
|
|
|a text
|2 rdacontent
|
| 337 |
|
|
|a computer
|2 rdamedia
|
| 338 |
|
|
|a online resource
|2 rdacarrier
|
| 650 |
0 |
0 |
|a Marketing research
|
| 655 |
0 |
0 |
|a Electronic books
|
| 856 |
4 |
2 |
|u http://library.unisel.edu.my/equip-unisel/custom/ebook_catalog/ebook/BasicMarketingResearchIntegrationofSocialMedia.pdf
|
| 997 |
|
|
|a Business & Accountancy, Faculty
|
| 998 |
|
|
|a Marketing, Degree
|
| 999 |
|
|
|a EBO0002926
|b EBOOK
|c EBOOK
|e Electronic resources
|